000 00645nam a2200169 a 4500
008 160518s2012 ||||||||||||||||| || u
020 _a9780137134731
050 _aTK 6560 Raz
100 _aRazavi, Behzad
245 1 0 _aRF Microelectronics. (2nd ed.)
_cBy Behzad Razavi
250 _a2nd ed.
260 _aNew York
_bPearson Prentice Hall
_c2012
300 _axxiv, 916p.: ill.
350 _a125.00
650 0 _aRADIO FREQUENCY INTEGRATED CIRCUITS--DESIGN AND CONSTRUCTION
995 _FCBU-MAIN LIBRARY (Kitwe)
_I125.00
_M1
_UAVAILABLE
_WMay 31, 2016
_ZMain Library Open Access Collection
999 _c56526
_d56526